Countries that Start with N - Statistics

General Stats
  • This quiz has been taken 66 times
  • The average score is 9 of 11
Answer Stats
Answer % Correct
Namibia
87%
Niger
87%
Nigeria
85%
Norway
85%
Nicaragua
84%
Nepal
82%
North Korea
78%
Nauru
73%
North Macedonia
67%
New Zealand
65%
Netherlands
62%
No matching quizzes found
Score Distribution
Percent of People with Each Score
Percentile by Number Answered
Your Score History
You have not taken this quiz